Catalogue des timbres de poste locale Russe : Zemstvos 2nd ed. (Record no. 3053)

000 -LEADER
fixed length control field 00358nam a22000977a 4500
008 - FIXED-LENGTH DATA ELEMENTS--GENERAL INFORMATION
fixed length control field 200720b ||||| |||| 00| 0 eng d
100 ## - MAIN ENTRY--AUTHOR'S NAME
Author's Name Bourdi, A.
245 ## - TITLE STATEMENT
Title Catalogue des timbres de poste locale Russe : Zemstvos 2nd ed.
260 ## - PUBLICATION, DISTRIBUTION, ETC. (IMPRINT)
Place of publication, distribution, etc. Lyon, [France]
Name of publisher, distributor, etc. Bourdi, A.
Date of publication, distribution, etc. 1978
650 ## - TOPICAL TERM (Tag)
Topical term or geographic name Russia (-1917) | Locals and Private Posts | Catalogs and Price Lists | Zemstvos
Holdings
Withdrawn status Lost status Source of classification or shelving scheme Damaged status Koha normalized classification for sorting Not for loan Collection code Permanent Location Current Location Shelving location Date acquired Total Checkouts Full call number Barcode Date last seen Copy number Price effective from Koha item type Public note
        G7001 L811 B769     Northern Philatelic Library Northern Philatelic Library General Stacks 07/20/2020   G7001 L811 B769 1005469 07/20/2020 1 07/20/2020 Books in French

Powered by Koha